000 004280000a22001810004500
003 MACL
005 20150915135136.0
008 150915b xxu||||| |||| 00| 0 eng d
040 _aMACL
_cMACL
041 _aEnglish
082 _a823/GAN
100 _aGangopadhyay, Shyamal
_911119
245 _aPossessions
260 _bSahitya Akademi
_c2006
_aKolkata
350 _a130
650 _aFicition
_911120
942 _cBK
_k823
_2ddc
999 _c8206
_d8206